000 01043nam a2200313 a 4500
001 000110820
003 CHAP
005 20230323062616.0
008 141007s2005 ck |sf |||||||spa d
010 _a107282
011 _a108254
040 _cCHAP
090 _aCD-400 v.96
245 0 0 _aBovinos de leche
_h[DVD]
_b: instalaciones /
_cpor Fundación Hogares Juveniles Campesinos; coordinador Luis Carlos Muñoz.
260 _aBogotá, Col. :
_bGranita,
_c2005.
300 _a1 DVD.
490 1 _aVideoteca del campo
_pGranja Integral Autosuficiente
590 _aE6096MTM
_b05
_c20141007
_lUCH01
_h1447
590 _aE6096MTM
_b05
_c20141007
_lUCH01
_h1455
650 1 4 _aEstablos.
_938184
650 1 4 _aGanado lechero
_xAlojamiento.
_945240
650 1 4 _aGanado vacuno
_xAlojamiento.
_945431
700 1 _aMuñoz, Luis Carlos
_ecoord.
_9128382
710 2 _aFundación Hogares Juveniles Campesinos
_9128381
830 0 _aVideoteca del campo
_pGranja Integral Autosuficiente
_v95
_9128383
901 _aBK
942 _cCD
942 _n0
999 _c107282
_d107282